<?xml version="1.0" encoding="UTF-8"?>
<record
    xmlns:xsi="http://www.w3.org/2001/XMLSchema-instance"
    xsi:schemaLocation="http://www.loc.gov/MARC21/slim http://www.loc.gov/standards/marcxml/schema/MARC21slim.xsd"
    xmlns="http://www.loc.gov/MARC21/slim">

  <leader>00790nam a22002177a 4500</leader>
  <datafield tag="999" ind1=" " ind2=" ">
    <subfield code="c">34093</subfield>
    <subfield code="d">34093</subfield>
  </datafield>
  <controlfield tag="005">20170815125013.0</controlfield>
  <controlfield tag="008">121024t        mx ||||| |||| 00| 0 spa d</controlfield>
  <datafield tag="020" ind1=" " ind2=" ">
    <subfield code="a">9681800206</subfield>
  </datafield>
  <datafield tag="050" ind1="0" ind2="4">
    <subfield code="a">TD920</subfield>
    <subfield code="b">M36 1980</subfield>
  </datafield>
  <datafield tag="050" ind1="0" ind2="4">
    <subfield code="a">TD920</subfield>
    <subfield code="b">S43 1997</subfield>
  </datafield>
  <datafield tag="110" ind1="2" ind2=" ">
    <subfield code="a">Secretaria de Salubridad y Asistencia.</subfield>
    <subfield code="b">Direcci&#xF3;n de Ingenier&#xED;a Sanitaria.</subfield>
  </datafield>
  <datafield tag="245" ind1="1" ind2="0">
    <subfield code="a">Manual de Saneamiento</subfield>
    <subfield code="b">: vivienda, agua y desechos</subfield>
    <subfield code="c">/Secretar&#xED;a de Salubridad y Asistencia, Direcci&#xF3;n de Ingenier&#xED;a Sanitaria.</subfield>
  </datafield>
  <datafield tag="250" ind1=" " ind2=" ">
    <subfield code="a">1a ed.</subfield>
  </datafield>
  <datafield tag="260" ind1=" " ind2=" ">
    <subfield code="a">M&#xE9;xico:</subfield>
    <subfield code="b">Limusa,</subfield>
    <subfield code="c">1980.</subfield>
  </datafield>
  <datafield tag="300" ind1=" " ind2=" ">
    <subfield code="a">p. v. :</subfield>
    <subfield code="b">il. ;</subfield>
    <subfield code="c">23 cm.</subfield>
  </datafield>
  <datafield tag="504" ind1=" " ind2=" ">
    <subfield code="a">Incluye &#xED;ndice</subfield>
  </datafield>
  <datafield tag="650" ind1=" " ind2="7">
    <subfield code="2">lemb</subfield>
    <subfield code="a">Salud P&#xFA;blica </subfield>
    <subfield code="v">Manuales</subfield>
    <subfield code="x">Saneamiento</subfield>
  </datafield>
  <datafield tag="650" ind1=" " ind2="7">
    <subfield code="2">lemb</subfield>
    <subfield code="a">Abastecimiento de Agua</subfield>
    <subfield code="x">Servicios P&#xFA;blicos</subfield>
    <subfield code="z">M&#xE9;xico</subfield>
  </datafield>
  <datafield tag="650" ind1=" " ind2="7">
    <subfield code="2">lemb</subfield>
    <subfield code="a">Vivienda</subfield>
    <subfield code="x">Saneamiento</subfield>
    <subfield code="z">M&#xE9;xico</subfield>
  </datafield>
  <datafield tag="650" ind1=" " ind2="4">
    <subfield code="a">Desechos</subfield>
  </datafield>
  <datafield tag="942" ind1=" " ind2=" ">
    <subfield code="2">lcc</subfield>
    <subfield code="c">LIB</subfield>
  </datafield>
  <datafield tag="952" ind1=" " ind2=" ">
    <subfield code="1">0</subfield>
    <subfield code="2">lcc</subfield>
    <subfield code="4">0</subfield>
    <subfield code="7">0</subfield>
    <subfield code="a">UCIH</subfield>
    <subfield code="b">UCIH</subfield>
    <subfield code="c">CONSULTA</subfield>
    <subfield code="d">2012-10-24</subfield>
    <subfield code="h">BCU000012097</subfield>
    <subfield code="k">Ingenier&#xED;a y tecnolog&#xED;a</subfield>
    <subfield code="o">TD920 M36 1980</subfield>
    <subfield code="p">BCU000012097</subfield>
    <subfield code="r">2012-10-24 00:00:00</subfield>
    <subfield code="t">1</subfield>
    <subfield code="y">LIB</subfield>
  </datafield>
  <datafield tag="952" ind1=" " ind2=" ">
    <subfield code="1">0</subfield>
    <subfield code="2">lcc</subfield>
    <subfield code="4">0</subfield>
    <subfield code="7">0</subfield>
    <subfield code="a">UCIH</subfield>
    <subfield code="b">UCIH</subfield>
    <subfield code="c">CONSULTA</subfield>
    <subfield code="d">2012-10-24</subfield>
    <subfield code="h">BCU000012098</subfield>
    <subfield code="k">Ingenier&#xED;a y tecnolog&#xED;a</subfield>
    <subfield code="o">TD920 M36 1980</subfield>
    <subfield code="p">BCU000012098</subfield>
    <subfield code="r">2012-10-24 00:00:00</subfield>
    <subfield code="t">2</subfield>
    <subfield code="y">LIB</subfield>
  </datafield>
  <datafield tag="952" ind1=" " ind2=" ">
    <subfield code="1">0</subfield>
    <subfield code="2">lcc</subfield>
    <subfield code="4">0</subfield>
    <subfield code="7">0</subfield>
    <subfield code="a">UCIH</subfield>
    <subfield code="b">UCIH</subfield>
    <subfield code="c">CONSULTA</subfield>
    <subfield code="d">2012-10-24</subfield>
    <subfield code="h">BCU000012099</subfield>
    <subfield code="k">Ingenier&#xED;a y tecnolog&#xED;a</subfield>
    <subfield code="o">TD920 M36 1980</subfield>
    <subfield code="p">BCU000012099</subfield>
    <subfield code="r">2012-10-24 00:00:00</subfield>
    <subfield code="t">3</subfield>
    <subfield code="y">LIB</subfield>
  </datafield>
  <datafield tag="952" ind1=" " ind2=" ">
    <subfield code="1">0</subfield>
    <subfield code="2">lcc</subfield>
    <subfield code="4">0</subfield>
    <subfield code="7">0</subfield>
    <subfield code="a">LIC-018</subfield>
    <subfield code="b">LIC-018</subfield>
    <subfield code="c">GENERAL</subfield>
    <subfield code="d">2017-08-15</subfield>
    <subfield code="f">1a ed.</subfield>
    <subfield code="i">IA</subfield>
    <subfield code="k">IT</subfield>
    <subfield code="o">TD920 S43 1997</subfield>
    <subfield code="p">BFA000002325</subfield>
    <subfield code="r">2017-08-15 00:00:00</subfield>
    <subfield code="t">1</subfield>
    <subfield code="y">LIB</subfield>
  </datafield>
</record>
